Possibility theory : an approach to computerized processing of uncertainty /

Bibliographic Details
Main Author: Dubois, Didier
Other Authors: Prade, Henri M.
Format: Book
Language:English
French
Published: New York : Plenum Press, [1988]
Subjects:

MARC

Tag First Indicator Second Indicator Subfields
LEADER 00000cam a2200000 a 4500
001 in00000020334
005 20151007053903.0
008 871109s1988 nyua b 00110 eng
010 |a  87032179  
020 |a 0306425203 
035 |a (OCoLC)17224888 
035 |9 AAB3182AM 
040 |a DLC  |c DLC  |d TXA  |d UtOrBLW 
041 1 |a eng  |a fre 
049 |a TXAM  |c [A11072570] 
050 0 0 |a QA248  |b .D74313 1988 
082 0 |a 511.3/2  |2 19 
100 1 |a Dubois, Didier. 
240 1 0 |a Théorie des possibilités.  |l English 
245 1 0 |a Possibility theory :  |b an approach to computerized processing of uncertainty /  |c Didas printed] with first edition. 
264 1 |a New York :  |b Plenum Press,  |c [1988] 
264 4 |c ©1988 
300 |a xvi, 263 pages :  |b illustrations ;  |c 23 cm. 
336 |a text  |b txt  |2 rdacontent 
337 |a unmediated  |b n  |2 rdamedia 
338 |a volume  |b nc  |2 rdacarrier 
500 |a Translation of: Théorie des possibilités. 
504 |a Includes bibliographies and index. 
650 0 |a Fuzzy sets  |x Data processing. 
650 0 |a Possibility  |x Data processing. 
700 1 |a Prade, Henri M. 
999 |a MARS 
999 f f |s 9474b63f-1af5-314c-9ed3-d3b514ec3ff9  |i b89865c3-9ed2-3558-9972-c6d6b839890f  |t 0 
952 f f |p normal  |a Texas A&M University  |b College Station  |c Sterling C. Evans Library  |d Evans: Library Stacks  |t 0  |e QA248 .D74313 1988  |h Library of Congress classification  |i unmediated -- volume  |m A14811072570 
998 f f |a QA248 .D74313 1988  |t 0  |l Evans: Library Stacks